LIBRARY & INFORMATION CENTRE, KCAET, TAVANUR

ONLINE PUBLIC ACCESS CATALOGUE (OPAC)

Growth of the English novel / (Record no. 5441)

MARC details
000 -LEADER
fixed length control field 00440cam a2200181ua 4500
041 ## - LANGUAGE CODE
Language code of text/sound track or separate title eng
082 ## - DEWEY DECIMAL CLASSIFICATION NUMBER
Classification number 828.09
Item number CHU/GR
100 ## - MAIN ENTRY--AUTHOR NAME
Personal name Church, Richard .
245 ## - TITLE STATEMENT
Title Growth of the English novel /
250 ## - EDITION STATEMENT
Edition statement 1 /
260 ## - PUBLICATION, DISTRIBUTION, ETC. (IMPRINT)
Place of publication London :
Name of publisher Methuen and Co. Ltd ,
Year of publication 1957.
300 ## - PHYSICAL DESCRIPTION
Number of Pages 220 ; .
942 ## - ADDED ENTRY ELEMENTS (KOHA)
Koha item type Books
Holdings
Withdrawn status Lost status Damaged status Home library Current library Date acquired Full call number Accession Number Koha item type
Withdrawn     KAUAET Sanskrit University 07/04/2012 828.09 11677 Books
free website counter